LEADER 01320nam a2200313 u 4500 001 000000034593 003 CaOOAMICUS 005 20070226112505.0 008 980209s1991 it u000 u ita u 020 $a8842029408 035 $a10781878 040 $aPUL$bita 041 1 $aita$hger 100 1 $aHabermas, Jürgen,$d1929-$0(OLS)http://pul/name/516 240 10$aPhilosophische Diskurs der Moderne : zwölf Vorlesungen.$lItaliano.$0(OLS)http://pul/title/47633 245 13$aIl discorso filosofico della modernità :$bdodici lezioni /$cJürgen Habermas. 250 $a3. ed. 260 $aRoma :$bLaterza,$c1991. 300 $aviii, 393 p. ;$c21 cm 490 1 $aSagittari Laterza ;$v11 650 4$aFilosofia$xStoria$ySec. XIX.$0(OLS)http://pul/subject/9842 650 4$aFilosofia$xStoria$ySec. XX.$0(OLS)http://pul/subject/4776 830 0$aSagittari Laterza ;$v11.$0(OLS)http://pul/title/18022 850 $aPUL 852 $aPUL$W1$xSL Filosofia 1$y2$m95 I 75$j47351$nBK-PRI$b $qStampati$B47351$CPULBib$Z2$F47351 $H $81 941 1 $a8 996 $6020$a8842029408$9(OLS)http://pul/number/15923 996 $6245$aIl discorso filosofico della modernità :$bdodici lezioni$9(OLS)http://pul/title/47634 996 $6260$aRoma :$bLaterza$9(OLS)http://pul/publisher/47864 LEADER 01013nam a2200229 u 4500 001 000000076332 003 CaOOAMICUS 005 20070226123211.0 008 031124s1976 gr a u000 u grc u 035 $a10977259 040 $aPUL(R)$bita 100 1 $aPasadaios, Aristeidos.$0(OLS)http://pul/name/50769 245 12$aO patriarchikos oikos tou oikoumenikou thronou /$cAristeidos Pasadaios. 260 $aThessalonik? :$bIdrouma Melet?n Kersonesou Tou Aimou,$c1976. 300 $a160 p., [9] c. di tav. ripieg. :$bill. ;$c25 cm 504 $aBibliogafia in nota. 610 24$aChiesa ortodossa$xStoria.$0(OLS)http://pul/subject/8625 850 $aPUL 852 $aPUL$W1$xSL Filosofia 1$y2$m130(1) D 37$j98076$nBK-PRI$b $qStampati$B98076$CPULBib$Z2$F98076 $H44317 $81 941 1 $a8 996 $6245$aO patriarchikos oikos tou oikoumenikou thronou$9(OLS)http://pul/title/100137 996 $6260$aThessalonik? :$bIdrouma Melet?n Kersonesou Tou Aimou$9(OLS)http://pul/publisher/74700